000 00503cam a2200169 a 4500
001 000007927
005 20200929154343.0
008 831128s1983 cl 000 1 spa d
040 _aDO-SdBNP
_bspa
_cBNPHU
082 _axx
_bxx
100 1 _aCastro, Óscar,
_d1910-1947.
_921711
245 1 3 _aLa vida simplemente /
_cÓscar Castro.
260 _aSantiago, (Chile) :
_bAndrés Bello,
_c1983.
300 _a165 p. ;
_c19 cm.
490 1 _aBiblioteca Andrés Bello
830 0 _aBiblioteca Andrés Bello.
_93963
999 _c7705
_d7705